Welcome to CU Library Online Public Access Catalogue (OPAC)

Working capital management under inflation (Record no. 3285)

MARC details
000 -LEADER
fixed length control field 00374nam a22001337a 4500
005 - DATE AND TIME OF LATEST TRANSACTION
control field 20250131120102.0
008 - FIXED-LENGTH DATA ELEMENTS--GENERAL INFORMATION
fixed length control field 250131b |||||||| |||| 00| 0 eng d
050 ## - LIBRARY OF CONGRESS CALL NUMBER
Classification number HG 4028
Item number JOS
100 ## - MAIN ENTRY--PERSONAL NAME
Personal name Joshi, Vijai Prakash
245 ## - TITLE STATEMENT
Title Working capital management under inflation
260 ## - PUBLICATION, DISTRIBUTION, ETC.
Place of publication, distribution, etc. New Delhi
Name of publisher, distributor, etc. Anmol Publications PVT LTD
Date of publication, distribution, etc. c1995
300 ## - PHYSICAL DESCRIPTION
Extent xvi, 264p
942 ## - ADDED ENTRY ELEMENTS (KOHA)
Source of classification or shelving scheme Library of Congress Classification
Koha item type Books
Suppress in OPAC No
999 ## -
-- 3285
-- 3285
Holdings
Withdrawn status Lost status Source of classification or shelving scheme Damaged status Not for loan Collection Home library Current library Shelving location Date acquired Total checkouts Full call number Barcode Date last seen Copy number Price effective from Koha item type
    Library of Congress Classification     Non-fiction Undergraduate Library (Christ Temple) Undergraduate Library (Christ Temple) General stacks 01/31/2025   HG4028 JOS ulct00001018 01/31/2025 1 01/31/2025 Books
© 2023-2024 Copyright: Central University Libraries. All Rights Reserved | Created by: Mahone Tech Office